Największe współczesne miasta należące do Polski - Statystyki

Ogólne statystyki
  • Ten quiz został rozwiązany 36 razy
  • Średni wynik to 9 z 15
Statystyki odpowiedzi
ludność miasta, długość panowania Miasto % Poprawnych
2.967.360; 98 lat Kijów
92%
717.803; 434 lata Lwów
86%
12.655.050; 2 lata Moskwa
86%
1.861.975; 906 lat Warszawa
83%
602.430; 18 lat Wilno
83%
488.492; 684 lata Gdańsk
75%
804.282; 909 lata Kraków
75%
541.316; 932 lat Poznań
67%
674.132; 395 lat Wrocław
67%
652.015; 933 lat Łódź
64%
475.503; 15 lat Bratysława
53%
980.948; 98 lat Dniepr
19%
722.713; 98 lat Zaporoże
17%
680.000; 98 lat Krzywy Róg
11%
396.101; 15 lat Brno
6%
Nie znaleziono quizów pasujących do podanych kryteriów
Rozkład punktacji
Procent ludzi z każdym wynikiem
Percentyl według liczby udzielonych odpowiedzi
Twoja historia wyników
Nie rozwiązałeś tego quizu